Catálogo

La especie elegida : (Registro nro. 63331)

Detalles MARC
000 -LEADER
fixed length control field 01240cam a2200349 i 4500
001 - CONTROL NUMBER
control field 63331
003 - CONTROL NUMBER IDENTIFIER
control field Mx-PuUPA
005 - DATE AND TIME OF LATEST TRANSACTION
control field 20230118121626.0
008 - FIXED-LENGTH DATA ELEMENTS--GENERAL INFORMATION
fixed length control field 150817s2004 sp ad r 001 0 spa d
020 ## - INTERNATIONAL STANDARD BOOK NUMBER
International Standard Book Number 8484601102
040 ## - CATALOGING SOURCE
Original cataloging agency Mx-PuUPA
Language of cataloging spa
Transcribing agency Mx-PuUPA
Modifying agency Mx-PuUPA
Description conventions rda
041 0# - LANGUAGE CODE
Language code of text/sound track or separate title spa
100 1# - MAIN ENTRY--PERSONAL NAME
Personal name Arsuaga, Juan Luis de,
Relator term autor
9 (RLIN) 766
245 13 - TITLE STATEMENT
Title La especie elegida :
Remainder of title la larga marcha de la evolución humana /
Statement of responsibility, etc. Juan Luis Arsuaga, Ignacio Martínez ; ilustraciones de Mauricio Antón
246 33 - VARYING FORM OF TITLE
Title proper/short title La especie elegida.
250 ## - EDITION STATEMENT
Edition statement Séptima edición /
Remainder of edition statement febrero
264 #1 - PRODUCTION, PUBLICATION, DISTRIBUTION, MANUFACTURE, AND COPYRIGHT NOTICE
Place of production, publication, distribution, manufacture Madrid, España :
Name of producer, publisher, distributor, manufacturer Ediciones Temas de Hoy ;
Date of production, publication, distribution, manufacture, or copyright notice 2004
300 ## - PHYSICAL DESCRIPTION
Extent 342 páginas :
Other physical details ilustraciones, gráficas ;
Dimensions 19 cm
336 ## - CONTENT TYPE
Content type term texto
Fuente rdacontent
Content type code txt
337 ## - MEDIA TYPE
Media type term sin medio
Source rdamedia
Media type code n
338 ## - CARRIER TYPE
Carrier type term volumen
Source rdacarrier
Carrier type code nc
490 0# - SERIES STATEMENT
Series statement Divulgación ;
Volume/sequential designation 3015
500 ## - GENERAL NOTE
General note "(Del proyecto atapuerca)".--Cubierta
650 #7 - SUBJECT ADDED ENTRY--TOPICAL TERM
Topical term or geographic name entry element Evolución humana
Source of heading or term armarc
650 #7 - SUBJECT ADDED ENTRY--TOPICAL TERM
Topical term or geographic name entry element Primates
General subdivision Evolución
Source of heading or term armarc
650 #7 - SUBJECT ADDED ENTRY--TOPICAL TERM
Topical term or geographic name entry element Antropología
Source of heading or term armarc
700 1# - ADDED ENTRY--PERSONAL NAME
Personal name Martínez, Ignacio,
Relator term autor
700 1# - ADDED ENTRY--PERSONAL NAME
Personal name Antón, Mauricio,
Relator term ilustrador
9 (RLIN) 768
942 ## - ADDED ENTRY ELEMENTS (KOHA)
Source of classification or shelving scheme Dewey Decimal Classification
Koha item type Libro
Classification part 599.938
Item part A78
Existencias
Withdrawn status Lost status Source of classification or shelving scheme Damaged status Not for loan Collection code Home library Current library Shelving location Date acquired Source of acquisition Total Checkouts Full call number Barcode Date last seen Price effective from Koha item type
    Dewey Decimal Classification     General Centro de Estudios en Ciencia y Religión Centro de Estudios en Ciencia y Religión Sala general 17/08/2015 Compra   599.938 A78 2004 94308 05/01/2026 20/11/2015 Libro